Tryzna za Edvarda Beneše 1998 /

Korporativní autor: Společnost Edvarda Beneše
Další autoři: Šubrtová, Alena, 1935-, Olivová, Věra, 1926-2015
Jazyk: Čeština
Vydáno: Praha : Společnost Edvarda Beneše, 1998
Vydání: 1. vyd.
Edice: Knižnice Společnosti Edvarda Beneše
Témata:
Fyzický popis: 47 s. ; 21 cm
Knihy
Uloženo v:
LEADER 01655nam a2200469 a 4500
001 000317642
003 CZ BrMZK
005 20210226070752.0
007 ta
008 980115s1998 xr e dcze d
015 |a cnb000354429 
020 |a 80-86107-04-3 
035 |a (OCoLC)40091278 
040 |a BOA001  |b cze 
043 |a e-cs---  |a e-xr--- 
045 |a x9x9 
072 7 |a 394  |x Veřejný a společenský život. Každodenní život  |2 Konspekt  |9 1 
080 |a 32-051  |2 MRF 
080 |a 393.92  |2 MRF 
080 |a (437)  |2 MRF 
080 |a (437.3)  |2 MRF 
080 |a (082.2)  |2 MRF 
245 0 0 |a Tryzna za Edvarda Beneše 1998 /  |c [k vydání připravily Věra Olivová, Alena Šubrtová] 
250 |a 1. vyd. 
260 |a Praha :  |b Společnost Edvarda Beneše,  |c 1998 
300 |a 47 s. ;  |c 21 cm 
490 1 |a Knižnice Společnosti Edvarda Beneše ;  |v sv. 15 
500 |a Vyd. k 50. výročí úmrtí Edvarda Beneše 
600 1 7 |a Beneš, Edvard,  |d 1884-1948  |7 jk01011576  |2 czenas 
648 4 |a 1998 
648 7 |a 1991-2000  |7 ch460587  |2 czenas 
648 7 |a 1918-1948  |7 ch501252 
650 0 7 |a prezidenti  |7 ph124601  |z Československo  |y 1918-1948  |2 czenas 
650 0 4 |a tryzna  |z Česko  |y 1991-2000 
655 7 |a jubilejní publikace  |7 fd131839  |2 czenas 
700 1 |a Šubrtová, Alena,  |d 1935-  |7 jk01131625  |4 edt 
700 1 |a Olivová, Věra,  |d 1926-2015  |7 jk01091066  |4 edt 
710 2 |a Společnost Edvarda Beneše  |7 ko2003165320 
830 0 |a Knižnice Společnosti Edvarda Beneše  |0 s 
910 |a BOA001  |b 2-1045.392 
990 |a BK 
996 6 |b 2610071242  |c 2-1045.392  |l MZK  |r Sklad / do 1 hodiny  |n 1  |p p.v.  |w 000317642  |u 000010  |a 1  |e BOA001  |j MZK50  |s P